000 00853nam a2200265Ia 4500
003 OSt
005 20220927103625.0
006 a|||||r|||| 00| 0
007 ta
008 220926b |||||||| |||| 00| 0 eng d
024 _a111299
037 _cReference Collections
040 _aRTL
_cRTL
_beng
041 _2eng
_aeng
082 _a"D521,6:7, L2/UN"
110 _aUnited Nations Industrial Development Organisation.
_9360671
245 0 _aBoats from ferro-cement .
260 _aNew
_bYork United Nations USA
_c1972
300 _a"xi, 123p."
_ccm.
490 _a"Its, Utilization of shipbuilding and repair facilities series, 1."
650 _aEngineering
_9360672
700 _aUnited Nations Industrial Development Organisation.
_9360673
942 _h"D521,6:7, L2/UN"
_cCC
999 _c684376
_d684376